Zur Textüberlieferung der "Homilia de obsidione Avarica Constantinopolis auctore ut videtur Theodoro Syncello"

Elmentve itt :
Bibliográfiai részletek
Szerző: Szádeczky-Kardoss Samu
Dokumentumtípus: Könyv része
Megjelent: 2011
Sorozat:Acta Universitatis Szegediensis : Opuscula Byzantina 10
Theodóros Synkellos Az Istenanya ruhájának Blachernaiban történt elhelyezéséről szóló beszéde : appendix: Szádeczky-Kardoss Samu Theodóros Synkellosról szóló cikkei 10
Kulcsszavak:Görög irodalom - bizánci, Ortodox egyház, Avarok története - forrás, Bizánc - művelődéstörténet, Theodóros Synkellos, Bizánc története - 7. sz. - forrástanulmány
Tárgyszavak:
Online Access:http://acta.bibl.u-szeged.hu/71503
LEADER 01221naa a2200229 i 4500
001 acta71503
005 20210923114532.0
008 210121s2011 hu o 0|| ger d
020 |a 978-963-306-145-9 
040 |a SZTE Egyetemi Kiadványok Repozitórium  |b hun 
041 |a ger 
100 2 |a Szádeczky-Kardoss Samu 
245 1 4 |a Zur Textüberlieferung der "Homilia de obsidione Avarica Constantinopolis auctore ut videtur Theodoro Syncello"  |h [elektronikus dokumentum] /  |c  Szádeczky-Kardoss Samu 
260 |c 2011 
300 |a 97-106 
490 0 |a Acta Universitatis Szegediensis : Opuscula Byzantina  |v 10 
490 0 |a Theodóros Synkellos Az Istenanya ruhájának Blachernaiban történt elhelyezéséről szóló beszéde : appendix: Szádeczky-Kardoss Samu Theodóros Synkellosról szóló cikkei  |v 10 
650 4 |a Bölcsészettudományok 
650 4 |a Történettudomány és régészet 
650 4 |a Nyelvek és irodalom 
695 |a Görög irodalom - bizánci, Ortodox egyház, Avarok története - forrás, Bizánc - művelődéstörténet, Theodóros Synkellos, Bizánc története - 7. sz. - forrástanulmány 
856 4 0 |u http://acta.bibl.u-szeged.hu/71503/1/opuscula_byzantina_010_097-106.pdf  |z Dokumentum-elérés